Sports Quiz

Random Sports or Baseball Quiz

MLB.com 2012 top 100 fantasy players Quiz Stats

 Plays Quiz not verified by Sporcle

Score 0/100 Timer 15:00
0 Plays Today
Team Player % Correct
LAAAlbert Pujols
97.7%
LADMatt Kemp
97%
DETMiguel Cabrera
97%
CLEAsdrubal Cabrera
97%
TORJose Bautista
96.1%
DETPrince Fielder
95.4%
CINJoey Votto
94.6%
BOSAdrian Gonzalez
94.6%
COLCarlos Gonzalez
94.6%
NYYRobinson Cano
93.8%
TEXJosh Hamilton
93.7%
ARIJustin Upton
93.3%
TBB.J. Upton
93.1%
COLTroy Tulowitzki
92.6%
BOSJacoby Ellsbury
92.3%
TBEvan Longoria
92.1%
BOSDustin Pedroia
91.6%
DETJustin Verlander
91.4%
NYYCurtis Granderson
91%
PHIRoy Halladay
90.7%
MIAJose Reyes
90.5%
NYMDavid Wright
90.2%
PHICliff Lee
90.2%
LADClayton Kershaw
89.8%
MIAHanley Ramirez
89.3%
MILAramis Ramirez
89.1%
NYYAlex Rodriguez
88.9%
NYYMark Teixeira
88.6%
SFTim Lincecum
88%
MILRyan Braun
87.7%
SEAFelix Hernandez
87.2%
TEXIan Kinsler
86.5%
PITAndrew Mccutchen
85.6%
NYYCC Sabathia
85.6%
Team Player % Correct
PHIChase Utley
85.6%
NYYDerek Jeter
85.4%
WASRyan Zimmerman
85.1%
TEXAdrian Beltre
84.9%
TEXNelson Cruz
84.4%
PHICole Hamels
83.1%
MIAMike Stanton
81.9%
PHIJimmy Rollins
81.4%
CINBrandon Phillips
80.7%
LAAC.J. Wilson
80.5%
SFBrian Wilson
80.3%
CWSPaul Konerko
79.6%
LAAJered Weaver
79.4%
CLECarlos Santana
78.7%
SFMatt Cain
78.4%
TBDavid Price
77.9%
NYY Mariano Rivera
75.7%
CIN Jay Bruce
75.2%
MILZack Greinke
75%
CHCStarlin Castro
74.2%
SFBuster Posey
74.2%
MIAJosh Johnson
72.9%
SFPablo Sandoval
72.8%
BOSCarl Crawford
72.6%
WASStephen Strasburg
71.7%
TEXMike Napoli
71%
BOSJon Lester
70.3%
STLMatt Holliday
69.6%
PHIShane Victorino
69.4%
TBJames Shields
68.5%
MINJoe Mauer
68%
BOSKevin Youkilis
67.7%
MILRickie Weeks
67%
PHIJonathan Papelbon
67%
Team Player % Correct
ATLBrian McCann
66.4%
TBBen Zobrist
65.6%
TEXElvis Andrus
65.6%
WASJayson Werth
63.3%
MILYovani Gallardo
61.2%
ATL Dan Uggla
61.2%
ARIDaniel Hudson
61.2%
KCAlex Gordon
60.6%
LAADan Haren
60.1%
STLChris Carpenter
59.1%
PHIHunter Pence
57.3%
ATLCraig Kimbrel
56.6%
STLLance Berkman
54.7%
KCEric Hosmer
53.3%
ARIIan Kennedy
52.5%
LAAHoward Kendrick
52.2%
MIA Heath Bell
51.8%
MILJohn Axford
49.7%
BALMatt Wieters
49.2%
CLEShin-Soo Choo
49%
CINMat Latos
47.5%
WASMichael Morse
46.9%
SFMadison Bumgarner
46.7%
DET Jose Valverde
45%
TORBrett Lawrie
44.6%
ATLTommy Hanson
44.5%
CINDrew Stubbs
44.3%
ATLMichael Bourn
43.4%
CHCMatt Garza
42.5%
TBDesmond Jennings
37.6%
SDCameron Maybin
34.8%
WASDrew Storen
32.7%

You're not logged in!

Compare scores with friends on all Sporcle quizzes.
OR
Log In

Sporcle TV

Today on Sporcle TV


Watch our educational content, quiz creation guides, and fun videos on Sporcle TV.

Show Comments

Extras

Top Quizzes Today


Score Distribution

Your Account Isn't Verified!

In order to create a playlist on Sporcle, you need to verify the email address you used during registration. Go to your Sporcle Settings to finish the process.

Report this User

Report this user for behavior that violates our Community Guidelines.

Details: